| 000 | 01360nam a2200373 i 4500 | ||
|---|---|---|---|
| 001 | 13436 | ||
| 003 | KOSZ 005 | ||
| 005 | 20191214090757.0 | ||
| 008 | 081001s1953 pl g f 000 0 pol | ||
| 015 | _aPB 1953/2097 | ||
| 040 |
_aWA N _cWA N _dKOSZ 005/RW |
||
| 041 | 1 |
_apol _hrus |
|
| 080 | _a335.5 | ||
| 080 | _a321 | ||
| 100 | 1 |
_aLenin, Włodzimierz _d(1870-1924). _eAutor |
|
| 245 | 1 | 0 |
_aO państwie : _bwykład na Uniwersytecie im. Swierdłowa wygłoszony 11 lipca 1919 r. / _cW. I. Lenin. |
| 246 | 1 |
_iTytuł oryginału: _aO gosudarstve. |
|
| 260 |
_aWarszawa : _b"Książka i Wiedza", _c1953. |
||
| 300 |
_a24 strony ; _c21 cm. |
||
| 336 |
_aTekst _btxt _2rdacontent |
||
| 337 |
_aBez urządzenia pośredniczącego _bn _2rdamedia |
||
| 338 |
_aWolumin _bnc _2rdacarrier |
||
| 380 | _aKsiążki. | ||
| 490 | 1 | _aBiblioteka Klasyków Marksizmu-Leninizmu. | |
| 546 | _aTłumaczenie z języka rosyjskiego. | ||
| 650 | 4 | _aPaństwo | |
| 658 | _aPolityka, politologia, administracja publiczna | ||
| 658 | _aHistoria | ||
| 650 | 4 | _aMarksizm | |
| 710 | 2 |
_aSpółdzielnia Wydawniczo-Handlowa "Książka i Wiedza" _4pbl. |
|
| 830 | 0 | _aBiblioteka Klasyków Marksizmu-Leninizmu. | |
| 856 |
_uhttp://koha.tu.koszalin.pl/cgi-bin/koha/opac-detail.pl?biblionumber=13436 _yKatalog online BPK |
||
| 942 |
_2UKD _cKS |
||
| 999 |
_c13436 _d13436 |
||